000 00329nam a22001457a 4500
008 221006b ||||| |||| 00| 0 eng d
020 _a188458590
041 _aeng
080 _2third edition
_a004
082 _a004
100 _a20.2
101 _aKOM
245 _aADVANCED AND MULTIVARIATE
_cMERTLER C.A
942 _2udc
_cBK
999 _c58372
_d58372